Find Voldemort! An H.P. Logic Puzzle Quiz Stats

 Plays Quiz Updated Oct 2, 2018

Score 0/25 Timer 20:00
153 Plays Today
Hint Answer % Correct
A1






???
100%
A2






???
85.5%
A4






???
58.2%
B4






???
54.7%
E4






???
51.7%
C4






???
51.7%
D4






???
47.8%
E1






???
43%
C2






???
41.3%
E5






???
39.3%
D1






???
23.7%
E3






???
20.5%
B2






???
18.2%
Hint Answer % Correct
B1






???
18.1%
B3






???
17.8%
D2






???
17.4%
B5






???
16.9%
A5






???
16.8%
A3






???
15.5%
E2






???
15.5%
D5






???
14.2%
D3






???
12.9%
C3






???
11.6%
C5






???
10.8%
C1






???
10.2%

You're not logged in!

Compare scores with friends on all Sporcle quizzes.
OR
Log In

You Might Also Like...

Show Comments

Extras

Top Quizzes Today


Score Distribution

Your Account Isn't Verified!

In order to create a playlist on Sporcle, you need to verify the email address you used during registration. Go to your Sporcle Settings to finish the process.

Report this User

Report this user for behavior that violates our Community Guidelines.

Details: